Способы образования неологизмов в экономической сфере; Язык. Общество. Образование

Dettagli Bibliografici
Parent link:Язык. Общество. Образование.— 2022.— [С. 105-109]
Autore principale: Якименко Е. В. Елена Владимировна
Ente Autore: Национальный исследовательский Томский политехнический университет Школа базовой инженерной подготовки Отделение иностранных языков
Altri autori: Зеремская Ю. А. Юлия Александровна
Riassunto:Заглавие с экрана
В данной статье рассматриваются способы образования неологизмов в области экономика в современном английском языке. Материалом исследования послужило 26 новых слов и словосочетаний, входящих в группу «экономика» в период октябрь 2021 - октябрь 2022 гг. Появление данных неологизмов стало результатом глобализации мировых экономических рынков.
Lingua:russo
Pubblicazione: 2022
Serie:Актуальные векторы исследований и подходы в современной лингвистике
Soggetti:
Accesso online:http://earchive.tpu.ru/handle/11683/74235
Natura: Elettronico Capitolo di libro
KOHA link:https://koha.lib.tpu.ru/cgi-bin/koha/opac-detail.pl?biblionumber=635264

MARC

LEADER 00000naa2a2200000 4500
001 635264
005 20231228160330.0
035 |a (RuTPU)RU\TPU\conf\37110 
035 |a RU\TPU\conf\37104 
090 |a 635264 
100 |a 20221214d2022 k y0rusy50 ca 
101 0 |a rus 
102 |a RU 
105 |a y z 101zy 
135 |a drgn ---uucaa 
181 0 |a i  
182 0 |a b 
200 1 |a Способы образования неологизмов в экономической сфере  |f Е. В. Якименко, Ю. А. Зеремская 
203 |a Текст  |c электронный 
225 1 |a Актуальные векторы исследований и подходы в современной лингвистике 
300 |a Заглавие с экрана 
320 |a [Библиогр.: с. 108-109 (8 назв.)] 
330 |a В данной статье рассматриваются способы образования неологизмов в области экономика в современном английском языке. Материалом исследования послужило 26 новых слов и словосочетаний, входящих в группу «экономика» в период октябрь 2021 - октябрь 2022 гг. Появление данных неологизмов стало результатом глобализации мировых экономических рынков. 
463 0 |0 (RuTPU)RU\TPU\conf\37057  |t Язык. Общество. Образование  |o сборник научных трудов III Международной научно-практической конференции "Лингвистические и культурологические аспекты современного инженерного образования", Томск, 10-12 ноября 2022 г.  |f Национальный исследовательский Томский политехнический университет (ТПУ); гл. ред. Ю. В. Кобенко  |v [С. 105-109]  |d 2022 
610 1 |a электронный ресурс 
610 1 |a труды учёных ТПУ 
610 1 |a неологизмы 
610 1 |a экономика 
610 1 |a образование 
610 1 |a способы 
610 1 |a английский язык 
610 1 |a морфология 
610 1 |a семантика 
700 1 |a Якименко  |b Е. В.  |c лингвист  |c старший преподаватель Томского политехнического университета  |f 1972-  |g Елена Владимировна  |3 (RuTPU)RU\TPU\pers\30967  |9 15205 
701 1 |a Зеремская  |b Ю. А.  |c лингвист  |c доцент Томского политехнического университета, кандидат филологических наук  |f 1980-  |g Юлия Александровна  |3 (RuTPU)RU\TPU\pers\31962  |9 16022 
712 0 2 |a Национальный исследовательский Томский политехнический университет  |b Школа базовой инженерной подготовки  |b Отделение иностранных языков  |3 (RuTPU)RU\TPU\col\23510 
801 2 |a RU  |b 63413507  |c 20221226  |g RCR 
856 4 |u http://earchive.tpu.ru/handle/11683/74235 
942 |c BK